Guess the Fusion Rock Song Lyrics #250 - Statistics

General Stats
  • This quiz has been taken 16 times
  • The average score is 206 of 374
Answer Stats
Answer % Correct
A
100%
a
100%
the
92%
you
92%
You
92%
YOu
92%
And
83%
and
83%
in
83%
In
83%
it
83%
on
83%
to
83%
To
83%
be
75%
me
75%
no
75%
No
75%
of
75%
when
75%
your
75%
it's
67%
know
67%
said
67%
so
67%
Billy Joel
58%
couldn't
58%
did
58%
Go
58%
go
58%
have
58%
I'll
58%
not
58%
now
58%
see
58%
too
58%
was
58%
didn't
50%
don't
50%
had
50%
If
50%
night
50%
put
50%
up
50%
Well
50%
were
50%
whoa
50%
you're
50%
You're
50%
All
42%
all
42%
alone
42%
at
42%
Because
42%
big
42%
Big
42%
But
42%
come
42%
eyes
42%
hand
42%
home
42%
just
42%
knew
42%
last
42%
much
42%
Oh
42%
one
42%
out
42%
show
42%
that
42%
time
42%
want
42%
what
42%
With
42%
about
33%
around
33%
fine
33%
fun
33%
give
33%
leave
33%
shot
33%
they
33%
things
33%
uptown
33%
went
33%
word
33%
cha
25%
cry
25%
fire
25%
friends
25%
head
25%
honey
25%
over
25%
people
25%
Remember
25%
Ridin
25%
sure
25%
two
25%
yeah
25%
Yes
25%
yes
25%
Avenue
17%
bitchin
17%
bloody
17%
clothes
17%
coffee
17%
Dom
17%
Elaine's
17%
em
17%
entertained
17%
hint
17%
hot
17%
impressed
17%
kept
17%
knocked
17%
latest
17%
limousine
17%
line
17%
mornin
17%
nose
17%
open
17%
Park
17%
Perignon
17%
prove
17%
spoon
17%
spotlight
17%
story
17%
success
17%
Wake
17%
white
17%
crowd
8%
dress
8%
everything's
8%
front
8%
Halston
8%
mouth
8%
page
8%
sin
8%
bold
0%
cents
0%
Ooh
0%
stick
0%
type
0%
No matching quizzes found
Score Distribution
Percent of People with Each Score
Percentile by Number Answered
Your Score History
You have not taken this quiz